| 000 | 01363nam0a22003011 4500 | ||
|---|---|---|---|
| 001 | rc\4518209 | ||
| 005 | 20130416180314.5 | ||
| 021 |
_aRU _b[69-13257] |
||
| 035 | _a(NLR Aleph) 008623510 | ||
| 090 |
_a8838080 _c8838080 |
||
| 100 | _a20130416d1968 |||y0rusy50 ca | ||
| 101 | 0 | _arus | |
| 102 | _aRU | ||
| 105 | _ay z ||||| | ||
| 200 | 1 |
_aПсихофизиологические факторы повышения производительности труда _fВолгогр. мед. ин-т. Челяб. политехн. ин-т |
|
| 210 |
_a[Волгоград] _cБ. и. _d1968 |
||
| 215 |
_a58 с. _d20 |
||
| 300 | _aПеред загл. авт.: Л.К. Квартовкина, д-р мед. наук проф., А.К. Орлов, канд. экон. наук доц., В.К. Квартовкин, канд. экон. наук | ||
| 300 | _aНа обл. авт. не указаны | ||
| 606 |
_aПроизводительность труда _xПсихофизиологические основы _2psbo |
||
| 700 | 1 |
_aКвартовкина _bЛ. К. _f1926- _gЛариса Константиновна |
|
| 701 | 1 |
_aОрлов _bА. К. _gАлександр Кондратьевич |
|
| 701 | 1 |
_aКвартовкин _bВ. К. |
|
| 801 | 0 |
_aRU _bNLR _gpsbo |
|
| 801 | 1 |
_aRU _bELAR _2rusmarc |
|
| 852 |
_aNLR _j69-4/5884 |
||
| 942 | _cBOOK | ||
| 980 | _aNB | ||